000 00920nam a2200265Ia 4500
003 OSt
005 20221005111418.0
006 a|||||r|||| 00| 0
007 ta
008 221004b |||||||| |||| 00| 0 hin d
020 _a8181430190 (hbk)
_cIndian Rupees 995
024 _a41089
037 _bGift, 09/01/2019,
_cTextual
040 _aCRL
_cCRL
_bhin
041 _2hin
_ahin
082 _aO44,C, 152P3
100 _aटंडन, बिशन, संपा.
245 0 _aसरस्वती सम्मान
_b 1991 - 2000
246 _aSarasvatī sammāna: 1991 - 2000
260 _aनई दिल्ली
_bवाणी प्रकाशन भारत
_c2003
300 _a691पृ0
_ccm.
650 _aभारत-इतिहास
_9156353
942 _hO44,C, 152P3
_cTEXL
_2cc
999 _c1021772
_d1021772